Legal office : concepts and procedures /
Legal office assistant profession. Legal office communication. Legal office records. Legal office accounting. Federal court system. State court system. Discovery. Appellate procedures. Legal research. Domestic relations. Law of torts. Criminal law. Law of wills and trusts...
में बचाया:
| मुख्य लेखक: | |
|---|---|
| स्वरूप: | पुस्तक |
| भाषा: | English |
| प्रकाशित: |
Cincinnati, OH :
South-Western Educational,
1996.
|
| विषय: | |
| टैग : |
टैग जोड़ें
कोई टैग नहीं, इस रिकॉर्ड को टैग करने वाले पहले व्यक्ति बनें!
|
| Thư viện lưu trữ: | Mạng thư viện Đại học Đà Nẵng |
|---|
| LEADER | 01223cam a2200337 i 4500 | ||
|---|---|---|---|
| 001 | 000049002 | ||
| 003 | 8729 | ||
| 005 | 20030311133742.0 | ||
| 008 | 010316|1996 vm 000 eng | ||
| 020 | |a 0538715316 | ||
| 040 | |a IRC |c IRC |d IRC | ||
| 041 | 0 | |a eng | |
| 082 | 1 | 4 | |a 340.02373 |b CU-R |
| 100 | 1 | |a Cummins, Robert R. | |
| 245 | 0 | 0 | |a Legal office : |b concepts and procedures / |c by Robert R. Cummins, Barbara Tietsort, consulting editor. |
| 260 | |a Cincinnati, OH : |b South-Western Educational, |c 1996. | ||
| 300 | |a viii, 374p. : |b ill. ; |c 27.5cm. | ||
| 520 | 3 | |a Legal office assistant profession. Legal office communication. Legal office records. Legal office accounting. Federal court system. State court system. Discovery. Appellate procedures. Legal research. Domestic relations. Law of torts. Criminal law. Law of wills and trusts... | |
| 630 | 0 | 4 | |a United States. |
| 630 | 0 | 4 | |a Legal assistants. |
| 650 | 0 | 4 | |a Legal assistants |z United States |v Handbooks, manuals, etc. |
| OWN | |a DUT | ||
| 999 | |a From the UDN01 | ||
| TYP | |a Monograph | ||
| TYP | |a Printed language | ||
| 980 | |a Mạng thư viện Đại học Đà Nẵng | ||


